|
|
|
|
| LEADER |
01857nam a2200457 a 4500 |
| 001 |
EBC1820969 |
| 003 |
MiAaPQ |
| 005 |
20200520144314.0 |
| 006 |
m o d | |
| 007 |
cr cn||||||||| |
| 008 |
110819s2012 akuab sb s001 0deng d |
| 010 |
|
|
|z 2011033431
|
| 020 |
|
|
|z 9781602231672 (pbk. alk. paper)
|
| 020 |
|
|
|z 1602231672 (pbk. alk. paper)
|
| 020 |
|
|
|a 9781602231689 (electronic bk.)
|
| 035 |
|
|
|a (MiAaPQ)EBC1820969
|
| 035 |
|
|
|a (Au-PeEL)EBL1820969
|
| 035 |
|
|
|a (CaPaEBR)ebr10578642
|
| 035 |
|
|
|a (OCoLC)893740971
|
| 040 |
|
|
|a MiAaPQ
|c MiAaPQ
|d MiAaPQ
|
| 043 |
|
|
|a n-us-ak
|
| 050 |
|
4 |
|a HE6376.A1
|b S36 2012
|
| 082 |
0 |
4 |
|a 383/.143
|2 23
|
| 100 |
1 |
|
|a Schneider, William S.,
|d 1946-
|
| 245 |
1 |
0 |
|a On time delivery
|h [electronic resource] :
|b the dog team mail carriers /
|c William S. Schneider.
|
| 260 |
|
|
|a Fairbanks :
|b University of Alaska Press,
|c c2012.
|
| 300 |
|
|
|a xvii, 142 p. :
|b ill., maps.
|
| 504 |
|
|
|a Includes bibliographical references and index.
|
| 505 |
0 |
|
|a The Mail Trail Era Begins -- Evolution of the Mail Trail System -- Life on the Trail -- Nenana Was the Hub -- Circle and Beyond -- The Aviators -- Grandparents' Time.
|
| 533 |
|
|
|a Electronic reproduction. Ann Arbor, MI : ProQuest, 2015. Available via World Wide Web. Access may be limited to ProQuest affiliated libraries.
|
| 650 |
|
0 |
|a Dogsled mail
|z Alaska
|x History.
|
| 650 |
|
0 |
|a Letter carriers
|z Alaska
|v Biography.
|
| 650 |
|
0 |
|a Mushers
|z Alaska
|v Biography.
|
| 650 |
|
0 |
|a Frontier and pioneer life
|z Alaska.
|
| 650 |
|
0 |
|a Community life
|z Alaska
|x History.
|
| 651 |
|
0 |
|a Alaska
|v Biography.
|
| 651 |
|
0 |
|a Alaska
|x History, Local.
|
| 651 |
|
0 |
|a Alaska
|x Social life and customs.
|
| 655 |
|
4 |
|a Electronic books.
|
| 710 |
2 |
|
|a ProQuest (Firm)
|
| 856 |
4 |
0 |
|u https://ebookcentral.proquest.com/lib/matrademy/detail.action?docID=1820969
|z Click to View
|